Normal view
MARC view
- Aiman Azlan
Entry Personal Name
001 - CONTROL NUMBER
- control field: 9490
003 - CONTROL NUMBER IDENTIFIER
- control field: OSt
005 - DATE AND TIME OF LATEST TRANSACTION
- control field: 20230130160430.0
008 - FIXED-LENGTH DATA ELEMENTS
- fixed length control field: 230130|| aca||aabn | a|a d
040 ## - CATALOGING SOURCE
- Original cataloging agency: OSt
- Transcribing agency: OSt
100 ## - HEADING--PERSONAL NAME
- Personal name: Aiman Azlan
670 ## - SOURCE DATA FOUND
- Source citation: Work cat.: (OSt): Aiman Azlan, Unshakeable :, 2019

PORTAL AKMAL
E-MEL JKDM
AKMAL2U
G-BAM
u-PUSTAKA